00362nam a2200133Ia 4500003000400000008004100004040001600045082001800061100002800079245006100107260004400168300001100212490000500223GCL140319s9999 xx 000 0 ara d aGCL / cGCL04a920.71bع ر1 aعلى الطنطاوى10aرجال من التاريخ / cعلى الطنطاوى a[S.N] : bدار المنار ، c1990 a488 ص a